Normal view
MARC view
- Shapiro, Howard N
Entry Personal Name
001 - CONTROL NUMBER
- control field: 41740
003 - CONTROL NUMBER IDENTIFIER
- control field: NUST
005 - DATE AND TIME OF LATEST TRANSACTION
- control field: 20210314132126.0
008 - FIXED-LENGTH DATA ELEMENTS
- fixed length control field: 210314|| aca||aabn | a|a d
040 ## - CATALOGING SOURCE
- Original cataloging agency: NUST
- Transcribing agency: NUST
100 ## - HEADING--PERSONAL NAME
- Personal name: Shapiro, Howard N
670 ## - SOURCE DATA FOUND
- Source citation: Work cat.: (NUST): Moran, Michael J. 41739, Fundamentals of engineering thermodynamics /, c2000.
